đź“–đź’¬ Paroles "Le Loup et l'Agneau" La Fontaine - Statistiques

Statistiques générales
  • Ce quiz a Ă©tĂ© pris 566 fois
  • Le rĂ©sultat moyen est 148 sur 213
Statistiques - réponses
Mots % Correct
Ă 
100%
a
100%
l'
100%
Agneau
97%
Agneau,
97%
d'
96%
Loup
96%
m'
94%
La
93%
la
93%
LĂ -
93%
n'
93%
c'
92%
C'
92%
est
91%
le
91%
Le
91%
de
89%
me
89%
Un
89%
un
89%
des
85%
Et
85%
et
85%
en
83%
je
83%
Je
83%
ce
82%
du
82%
ma
82%
plus
82%
Plus
82%
se
81%
mon
80%
qu'
80%
fort
78%
Ne
78%
ne
78%
né ?
78%
On
78%
si
78%
Si
78%
pas
77%
sa
77%
toujours
77%
une
77%
au-
76%
au
76%
donc
76%
frère :
75%
heure.
75%
meilleure.
75%
Nous
75%
que
75%
Que
75%
te
75%
ton
75%
tout
75%
ai
74%
Dit
73%
dit :
73%
il
73%
qui
73%
Qui
73%
Dans
72%
toi,
71%
mange,
70%
allons
68%
raison
68%
an
67%
dessus
67%
point.
67%
Tu
67%
tu
67%
ces
66%
courant
63%
courant,
63%
désaltérait
63%
étais
63%
montrer
63%
onde
63%
puis
63%
tiens :
63%
Sans
62%
pure.
60%
mère,
59%
vous
59%
Vous,
59%
cet
58%
faim
58%
autre
56%
troubler
56%
elle
55%
elle ;
55%
faut
55%
forme
55%
par
55%
procès.
55%
breuvage ?
54%
Comment
54%
dessous
54%
fait
54%
aurais-
53%
encor
53%
animal
52%
répond
52%
ta
52%
lieux
51%
moi
51%
aventure,
50%
emporte,
50%
Mais
50%
venge.
50%
vos
50%
cherchait
49%
passé?
49%
tète
49%
Car
48%
jeun
48%
sais
48%
chiens.
47%
plein
47%
rage :
47%
bergers,
46%
guère,
46%
attirait.
45%
boisson.
45%
votre
45%
hardi
44%
troubles,
44%
rend
43%
quelqu'
42%
cette
41%
Majesté
41%
survient
41%
vingt
41%
désaltérant
39%
médis
39%
aucune
38%
épargnez
38%
conséquent
37%
façon
37%
seras
37%
témérité.
37%
châtié
36%
bĂŞte
35%
colère ;
35%
considère
35%
mette
35%
plutĂ´t
35%
fond
34%
forĂŞts
33%
Sire,
33%
vas
33%
cruelle,
31%
reprit
28%
Reprit
28%
Aucun quiz correspondant
Distribution des résultats
% des personnes avec chaque résultat
Percentile par nombre de réponses
Votre historique - résultats
Vous n’avez pas pris ce quiz